000 00544nam a2200217Ia 4500
003 OSt
005 20220928140636.0
006 a|||||r|||| 00| 0
007 ta
008 220927b |||||||| |||| 00| 0 eng d
024 _a10326
037 _cTextual
040 _aSDCL
_cSDCL
_beng
041 _2eng
_aeng
082 _aB281, L7
100 _aHogg Robert V Ed.
_9496481
245 0 _aProbaility and statistical informence
260 _c1977
942 _hB281, L7
_cTEXL
_2CC
999 _c812848
_d812848